00773 a2200205 450000500170000001000150001702000260003203500140005803700090007208200140008110000290009524500460012425000060017026000380017627001140021430000320032894200290036099900190038995201590040820260703115553.0 aENG-148982 c300.00a9788187619192 aEN-132514 bDBAD14a956.94211 aParthasarathy, R.9895111 aYemen at Peace and War/cR. Parthasarathy a1 aPondicherrybBusy Bee Booksc2021 aD-88 (Old No. 74), Poincare St., Olandai-KeerapalayambPondicherryk0413-2357247e605004mrajbusybee@sify.com a114p.c21cm (Pb)bCol.,ill. adpcEN2ddch956.94mPAR c216860d216860 001040718NFICaDBADbDBADd2026-07-03eDelivery of Books Act Divisiong300.00l0o956.94 PARpEN-132514r2026-07-03 11:56:17t1v300.00w2026-07-03yEN